[Event "Barcelona Sant Marti op 11th"]
[Site "Barcelona"]
[Date "2024.02.15"]
[Round "6"]
[White "Capellades Subirana, Marc"]
[Black "Molano Lafuente, Ismael"]
[Result "1-0"]
[WhiteElo "2147"]
[BlackElo "2013"]
[PlyCount "125"]
[EventDate "2024.01.11"]
[EventType "swiss"]
[EventRounds "9"]
[EventCountry "ESP"]
[SourceTitle "CB11_2024"]
[SourceDate "2024.03.13"]
[SourceVersion "1"]
[SourceVersionDate "2024.03.13"]
[SourceQuality "1"]

1. e4 e5 2. Nf3 f5 3. Nc3 fxe4 4. Nxe5 Nf6 5. Ng4 Nc6 6. Bc4 h5 7. Nxf6+ Qxf6 8. Qe2 Nd4 9. Qxe4+ Qe7 10. Bd3 c6 11. Ne2 Nxe2 12. Qxe2 d5 13. Bg6+ Kd8 14. Qxe7+ Bxe7 15. d4 Bf6 16. Be3 h4 17. h3 Be6 18. 0-0-0 Kd7 19. Rhe1 Raf8 20. Rd3 Bd8 21. Rb3 Kc8 22. f3 Bd7 23. Kd1 Rf6 24. Bd3 Re8 25. Bf2 Rxe1+ 26. Bxe1 Rf4 27. Bf2 g5 28. Be3 Rf8 29. Bg6 Rg8 30. Bh5 Bc7 31. Bg4 b6 32. Ra3 Bb8 33. Bd2 a5 34. Rc3 Kd8 35. a4 Bd6 36. Rb3 Bc7 37. Ke2 Rg7 38. Kd1 Rg8 39. Re3 Bf4 40. Rd3 Bd6 41. b3 Rg7 42. c4 Bc7 43. Rc3 Rg6 44. c5 b5 45. axb5 cxb5 46. Bh5 Rg7 47. c6 Bf5 48. Rc5 Bd3 49. Rxd5+ Kc8 50. Bg4+ Kb8 51. Rxg5 Rxg5 52. Bxg5 a4 53. bxa4 bxa4 54. Be7 Bf4 55. d5 Kc7 56. Bb4 Bd6 57. Bxd6+ Kxd6 58. Kd2 Bc4 59. Be6 Bf1 60. Kc3 Bxg2 61. Bg4 Bf1 62. Kb4 Bb5 63. f4 1-0

[Event "Barcelona Sant Marti op 10th"]
[Site "Barcelona"]
[Date "2023.02.23"]
[Round "7"]
[White "Molano Lafuente, Ismael"]
[Black "Albert Estebanez, Carles"]
[Result "1-0"]
[WhiteElo "2000"]
[BlackElo "1823"]
[PlyCount "47"]
[EventDate "2023.01.12"]
[EventType "swiss"]
[EventRounds "9"]
[EventCountry "ESP"]
[SourceTitle "CBM 213 Extra"]
[Source "ChessBase"]
[SourceDate "2023.05.31"]
[SourceVersion "1"]
[SourceVersionDate "2023.05.31"]
[SourceQuality "1"]

1. e4 c6 2. Be2 d5 3. d3 e5 4. Bg4 Bxg4 5. Qxg4 Nf6 6. Qf3 Bc5 7. Ne2 Nbd7 8. Nd2 0-0 9. 0-0 dxe4 10. dxe4 a5 11. Ng3 a4 12. Nc4 b5 13. Ne3 Bb6 14. Nef5 Nc5 15. Rd1 Qc7 16. Nxg7 Ncxe4 17. Nxe4 Nxe4 18. Qxe4 Kxg7 19. Qh4 f5 20. Bh6+ Kg8 21. Qg5+ Kh8 22. Bxf8 Rxf8 23. Qh6 Bc5 24. Rd2 1-0

[Event "Barcelona Sant Marti op 10th"]
[Site "Barcelona"]
[Date "2023.01.19"]
[Round "2"]
[White "Permanyer Ugartemendia, Inaki"]
[Black "Molano Lafuente, Ismael"]
[Result "0-1"]
[WhiteElo "1729"]
[BlackElo "2000"]
[PlyCount "98"]
[EventDate "2023.01.12"]
[EventType "swiss"]
[EventRounds "9"]
[EventCountry "ESP"]
[SourceTitle "CBM 213 Extra"]
[Source "ChessBase"]
[SourceDate "2023.05.31"]
[SourceVersion "1"]
[SourceVersionDate "2023.05.31"]
[SourceQuality "1"]

1. d4 Nf6 2. c4 Nc6 3. Nf3 e6 4. Nc3 Bb4 5. Qc2 d6 6. a3 Bxc3+ 7. Qxc3 Qe7 8. Bg5 h6 9. Bh4 e5 10. d5 Nb8 11. e4 Nbd7 12. Bd3 Nf8 13. 0-0 Ng6 14. Bg3 0-0 15. b4 Nh5 16. Rac1 Ngf4 17. Rfd1 Qf6 18. c5 Bg4 19. Bf1 g5 20. cxd6 cxd6 21. Qc7 Rab8 22. Qa5 a6 23. Rc7 Nh3+ 24. gxh3 Bxf3 25. Re1 Qg6 26. Bg2 Bxg2 27. Kxg2 Nf4+ 28. Kh1 Qh5 29. Bxf4 Qf3+ 30. Kg1 gxf4 31. b5 Kh8 32. Qc3 Rg8+ 33. Kf1 Qg2+ 34. Ke2 Qxe4+ 35. Kf1 Qxd5 36. bxa6 bxa6 37. Qc2 Qb5+ 38. Qc4 Qxc4+ 39. Rxc4 Rb6 40. a4 Rd8 41. Rd1 d5 42. Rc5 Rbd6 43. Ke2 Kg7 44. a5 Kf6 45. Rb1 Ke6 46. Rb6 e4 47. Rc7 d4 48. Ra7 d3+ 49. Kd2 e3+ 0-1

[Event "Canovelles op"]
[Site "Canovelles"]
[Date "2021.12.30"]
[Round "6"]
[White "Molano Lafuente, Ismael"]
[Black "Munoz Pantoja, Miguel Angel"]
[Result "0-1"]
[WhiteElo "2025"]
[BlackElo "2435"]
[PlyCount "46"]
[EventDate "2021.12.27"]
[EventType "swiss"]
[EventRounds "7"]
[EventCountry "ESP"]
[SourceTitle "CBM 206 Extra"]
[Source "ChessBase"]
[SourceDate "2022.03.31"]
[SourceVersion "1"]
[SourceVersionDate "2022.03.31"]
[SourceQuality "1"]

1. e4 d5 2. exd5 Qxd5 3. Nc3 Qa5 4. b4 Qxb4 5. Rb1 Qd6 6. Nf3 Nf6 7. d4 a6 8. Bc4 e6 9. Qe2 Be7 10. 0-0 0-0 11. Rd1 b5 12. Bd3 Bb7 13. Ng5 Nbd7 14. Rb3 c5 15. dxc5 Qc6 16. Nce4 h6 17. Nxf6+ Nxf6 18. Nf3 Bxc5 19. h3 Rad8 20. Bb2 Ne4 21. Bxe4 Qxe4 22. Qxe4 Rxd1+ 23. Qe1 Bxf3 0-1

[Event "Barcelona GM 5th"]
[Site "Barcelona"]
[Date "2021.08.05"]
[Round "9"]
[White "Molano Lafuente, Ismael"]
[Black "Dardha, Daniel"]
[Result "0-1"]
[WhiteElo "2013"]
[BlackElo "2520"]
[PlyCount "40"]
[EventDate "2021.07.28"]
[EventType "tourn"]
[EventRounds "9"]
[EventCountry "ESP"]
[EventCategory "7"]
[SourceTitle "CBM 203 Extra"]
[Source "ChessBase"]
[SourceDate "2021.09.30"]
[SourceVersion "1"]
[SourceVersionDate "2021.09.30"]
[SourceQuality "1"]

1. e4 c5 2. b3 Nf6 3. e5 Nd5 4. Bb2 Nc6 5. Nf3 g6 6. Nc3 Nxc3 7. dxc3 Bg7 8. Qd5 b6 9. h4 Bb7 10. Bc4 e6 11. Qd6 Qb8 12. Qd2 Nxe5 13. 0-0-0 Qc7 14. Bb5 0-0-0 15. Ne1 d5 16. Be2 h5 17. f4 Nc6 18. Kb1 Bh6 19. Rf1 e5 20. g3 f5 0-1

[Event "Barcelona GM 5th"]
[Site "Barcelona"]
[Date "2021.07.31"]
[Round "4"]
[White "Molano Lafuente, Ismael"]
[Black "Moussard, Jules"]
[Result "0-1"]
[WhiteElo "2013"]
[BlackElo "2635"]
[PlyCount "88"]
[EventDate "2021.07.28"]
[EventType "tourn"]
[EventRounds "9"]
[EventCountry "ESP"]
[EventCategory "7"]
[SourceTitle "CBM 203 Extra"]
[Source "ChessBase"]
[SourceDate "2021.09.30"]
[SourceVersion "1"]
[SourceVersionDate "2021.09.30"]
[SourceQuality "1"]

1. e4 g6 2. Nf3 Bg7 3. c3 d6 4. d4 Nf6 5. Bd3 0-0 6. 0-0 Nc6 7. h3 e5 8. dxe5 Nxe5 9. Nxe5 dxe5 10. Bg5 h6 11. Be3 Qe7 12. Na3 b6 13. Qe2 Bb7 14. f3 Nh5 15. Kh2 a5 16. Rad1 Nf4 17. Bxf4 exf4 18. Nc2 Be5 19. Rd2 c6 20. Rfd1 Bc8 21. Nd4 Bd7 22. Qf2 Rfb8 23. Ne2 Be8 24. Nc1 b5 25. Bc2 Bc7 26. Qe2 Bb6 27. Qe1 Ra7 28. Ne2 Be3 29. Rd6 Rd7 30. Rxd7 Bxd7 31. Rd3 c5 32. a3 Be6 33. Rd1 h5 34. g3 g5 35. g4 Kg7 36. Kg2 hxg4 37. hxg4 Rh8 38. Ng1 Qf6 39. Nh3 Qh6 40. Qh1 Qh4 41. Qh2 Bxg4 42. fxg4 Qxg4+ 43. Kf1 Rxh3 44. Qg2 f3 0-1

[Event "Barcelona GM 5th"]
[Site "Barcelona"]
[Date "2021.07.30"]
[Round "3"]
[White "Lu, Maximillian"]
[Black "Molano Lafuente, Ismael"]
[Result "1-0"]
[WhiteElo "2386"]
[BlackElo "2013"]
[PlyCount "39"]
[EventDate "2021.07.28"]
[EventType "tourn"]
[EventRounds "9"]
[EventCountry "ESP"]
[EventCategory "7"]
[SourceTitle "CBM 203 Extra"]
[Source "ChessBase"]
[SourceDate "2021.09.30"]
[SourceVersion "1"]
[SourceVersionDate "2021.09.30"]
[SourceQuality "1"]

1. e4 d6 2. d4 Nf6 3. Nc3 e5 4. Nf3 Nc6 5. Bb5 Bd7 6. Bxc6 Bxc6 7. Qe2 exd4 8. Nxd4 Be7 9. Be3 0-0 10. f3 Re8 11. 0-0-0 Nd7 12. f4 Bf6 13. e5 dxe5 14. Nxc6 bxc6 15. Qg4 Re7 16. Ne4 Kh8 17. Nxf6 gxf6 18. f5 Re8 19. Qh4 Qe7 20. Rxd7 1-0

[Event "Barcelona Amateurs-A 03"]
[Site "Barcelona"]
[Date "2021.03.17"]
[Round "3"]
[White "Molano Lafuente, Ismael"]
[Black "Garcia de Blas, Esteban"]
[Result "1/2-1/2"]
[WhiteElo "1994"]
[BlackElo "1987"]
[PlyCount "32"]
[EventDate "2021.03.15"]
[EventType "tourn"]
[EventRounds "9"]
[EventCountry "ESP"]
[SourceTitle "CBM 201 Extra"]
[Source "ChessBase"]
[SourceDate "2021.05.31"]
[SourceVersion "1"]
[SourceVersionDate "2021.05.31"]
[SourceQuality "1"]

1. f4 f5 2. Nf3 Nf6 3. b4 e6 4. b5 b6 5. Bb2 Be7 6. e3 Bb7 7. a4 a5 8. Na3 0-0 9. Be2 Ne4 10. 0-0 Bf6 11. Qc1 Bxb2 12. Qxb2 Qf6 13. Qxf6 Nxf6 14. Nd4 Re8 15. Bf3 Bxf3 16. gxf3 g6 1/2-1/2

[Event "Barcelona FM 08"]
[Site "Barcelona"]
[Date "2020.08.16"]
[Round "6"]
[White "Sanchez Lopez, Juan Manuel"]
[Black "Molano Lafuente, Ismael"]
[Result "1-0"]
[WhiteElo "2100"]
[BlackElo "2060"]
[PlyCount "103"]
[EventDate "2020.08.11"]
[EventType "tourn"]
[EventRounds "9"]
[EventCountry "ESP"]
[SourceTitle "EXT 2021"]
[Source "ChessBase"]
[SourceDate "2020.10.23"]
[SourceVersion "1"]
[SourceVersionDate "2020.10.23"]
[SourceQuality "1"]

1. c4 c5 2. Nc3 Nc6 3. g3 g6 4. Bg2 Bg7 5. e3 e6 6. Nge2 Nge7 7. d4 d6 8. 0-0 0-0 9. b3 Bd7 10. Bb2 Nf5 11. dxc5 dxc5 12. Qd2 Qe7 13. Rad1 Rad8 14. Ne4 f6 15. N2c3 Bc8 16. Qc2 Rxd1 17. Rxd1 Rd8 18. Rd2 Kf7 19. Qd1 Bf8 20. Rxd8 Qxd8 21. Qxd8 Nxd8 22. Nb5 Nc6 23. Bxf6 a6 24. Nbc3 Nd6 25. Nxd6+ Bxd6 26. Ne4 Bf8 27. Kf1 e5 28. Bf3 Bf5 29. Bh4 Nb4 30. g4 Bxe4 31. Bxe4 Nxa2 32. Bd5+ Ke8 33. Bxb7 Nc1 34. Bxa6 Nxb3 35. Bb5+ Kf7 36. Bd8 Nd2+ 37. Ke2 Ne4 38. Bc6 Nd6 39. Bd5+ Ke8 40. Bf6 e4 41. Bc6+ Kf7 42. Bb2 Ke6 43. Bd5+ Ke7 44. Ba3 Nc8 45. Bxe4 Nb6 46. Kd3 Kd6 47. Bb2 Nd7 48. f4 Be7 49. g5 Nf8 50. Be5+ Ke6 51. Bd5+ Kf5 52. h3 1-0

[Event "Barcelona FM 08"]
[Site "Barcelona"]
[Date "2020.08.12"]
[Round "2"]
[White "Ferre Campos, Josep"]
[Black "Molano Lafuente, Ismael"]
[Result "1/2-1/2"]
[WhiteElo "1899"]
[BlackElo "2060"]
[PlyCount "32"]
[EventDate "2020.08.11"]
[EventType "tourn"]
[EventRounds "9"]
[EventCountry "ESP"]
[SourceTitle "EXT 2021"]
[Source "ChessBase"]
[SourceDate "2020.10.23"]
[SourceVersion "1"]
[SourceVersionDate "2020.10.23"]
[SourceQuality "1"]

1. d4 d6 2. Bf4 Nd7 3. e3 e5 4. Bg3 Be7 5. Bd3 Ngf6 6. f3 exd4 7. exd4 0-0 8. Ne2 Nd5 9. Qd2 Re8 10. c4 N5f6 11. Nbc3 Nf8 12. 0-0 Ng6 13. Nf4 c6 14. Rfe1 Bd7 15. Ne4 Nxf4 16. Bxf4 d5 1/2-1/2

[Event "Barcelona Amateurs"]
[Site "Barcelona"]
[Date "2020.07.18"]
[Round "8.1"]
[White "Gallego Montes, Antonio"]
[Black "Molano Lafuente, Ismael"]
[Result "1/2-1/2"]
[WhiteElo "2073"]
[BlackElo "2164"]
[PlyCount "52"]
[EventDate "2020.07.11"]
[EventType "tourn"]
[EventRounds "9"]
[EventCountry "ESP"]
[SourceTitle "EXT 2024"]
[Source "ChessBase"]
[SourceDate "2023.10.10"]
[SourceVersion "1"]
[SourceVersionDate "2023.10.10"]
[SourceQuality "1"]

1. e4 d6 2. d4 Nf6 3. Nc3 e5 4. dxe5 dxe5 5. Qxd8+ Kxd8 6. Bg5 Be6 7. 0-0-0+ Kc8 8. f4 exf4 9. Nf3 Nbd7 10. h3 Nh5 11. Nd4 Bc5 12. Nxe6 Be3+ 13. Kb1 fxe6 14. Bc4 Re8 15. Rd3 Nc5 16. Rxe3 fxe3 17. Bxe3 Nd7 18. g4 Nhf6 19. g5 Ng8 20. Rf1 Kd8 21. Bb3 Ke7 22. Nb5 Rf8 23. Rxf8 Rxf8 24. Kc1 Rf3 25. Kd2 c6 26. Nd4 Rxe3 1/2-1/2

[Event "Barcelona Amateurs"]
[Site "Barcelona"]
[Date "2020.07.17"]
[Round "7.4"]
[White "Molano Lafuente, Ismael"]
[Black "Mancha Cerezuela, Sergio"]
[Result "1-0"]
[WhiteElo "2164"]
[BlackElo "2055"]
[PlyCount "49"]
[EventDate "2020.07.11"]
[EventType "tourn"]
[EventRounds "9"]
[EventCountry "ESP"]
[SourceTitle "EXT 2024"]
[Source "ChessBase"]
[SourceDate "2023.10.10"]
[SourceVersion "1"]
[SourceVersionDate "2023.10.10"]
[SourceQuality "1"]

1. e4 e5 2. Nc3 Nc6 3. Nf3 Nf6 4. a3 Bc5 5. Nxe5 Nxe5 6. d4 Bxd4 7. Qxd4 Nc6 8. Qd3 h6 9. Bd2 d6 10. Qg3 g5 11. Be3 Be6 12. 0-0-0 Qe7 13. f3 0-0-0 14. Qf2 d5 15. Bxa7 dxe4 16. Bc5 Qe8 17. fxe4 Ng4 18. Qg3 Nge5 19. Bb5 Bc4 20. Bxc4 Nxc4 21. Nd5 N4e5 22. Qb3 Na5 23. Qc3 Nac6 24. Rhf1 Nd7 25. Be7 1-0

[Event "Barcelona Amateurs"]
[Site "Barcelona"]
[Date "2020.07.14"]
[Round "4.1"]
[White "Molano Lafuente, Ismael"]
[Black "Jose Iraeta, Alexandre"]
[Result "1/2-1/2"]
[WhiteElo "2164"]
[BlackElo "2130"]
[PlyCount "62"]
[EventDate "2020.07.11"]
[EventType "tourn"]
[EventRounds "9"]
[EventCountry "ESP"]
[SourceTitle "EXT 2024"]
[Source "ChessBase"]
[SourceDate "2023.10.10"]
[SourceVersion "1"]
[SourceVersionDate "2023.10.10"]
[SourceQuality "1"]

1. f4 Nf6 2. Nf3 g6 3. d3 Bg7 4. e4 d6 5. Be2 0-0 6. 0-0 c5 7. Na3 Nc6 8. Qe1 e6 9. c3 Rb8 10. Nc2 e5 11. fxe5 dxe5 12. Bg5 h6 13. Bh4 Qd6 14. Ne3 b5 15. Bxf6 Bxf6 16. g4 Bg7 17. Qh4 Be6 18. Rf2 Qe7 19. g5 h5 20. Rg2 c4 21. a3 cxd3 22. Bxd3 Rfd8 23. Be2 Qc5 24. Qf2 a5 25. Rd1 Bh3 26. Rg3 Be6 27. Ne1 Rxd1 28. Nxd1 Qxf2+ 29. Kxf2 b4 30. axb4 axb4 31. h4 Bf8 1/2-1/2

[Event "Barcelona Amateurs"]
[Site "Barcelona"]
[Date "2020.07.12"]
[Round "2.2"]
[White "Molano Lafuente, Ismael"]
[Black "Pera Muntasell, Marc"]
[Result "1/2-1/2"]
[WhiteElo "2164"]
[BlackElo "2109"]
[PlyCount "49"]
[EventDate "2020.07.11"]
[EventType "tourn"]
[EventRounds "9"]
[EventCountry "ESP"]
[SourceTitle "EXT 2024"]
[Source "ChessBase"]
[SourceDate "2023.10.10"]
[SourceVersion "1"]
[SourceVersionDate "2023.10.10"]
[SourceQuality "1"]

1. f4 e5 2. fxe5 d6 3. exd6 Bxd6 4. Nf3 Nf6 5. d4 Ng4 6. Qd3 0-0 7. g3 Nc6 8. c3 Qe7 9. Bg2 Re8 10. 0-0 Qxe2 11. Qxe2 Rxe2 12. Ng5 Nf6 13. Nd2 Re8 14. Nc4 Bf8 15. Bf4 h6 16. Nf3 Nd5 17. Bd2 Be6 18. b3 Rad8 19. Rae1 Nce7 20. Nfe5 Nf5 21. Bxd5 Rxd5 22. Ne3 Nxe3 23. Bxe3 c5 24. Nd3 cxd4 25. Bxd4 1/2-1/2

[Event "Torroella de Montgri U2200 2nd"]
[Site "Torroella de Montgri"]
[Date "2019.09.08"]
[Round "6.1"]
[White "Banos, Oscar Francisco"]
[Black "Molano Lafuente, Ismael"]
[Result "1/2-1/2"]
[WhiteElo "2182"]
[BlackElo "2040"]
[PlyCount "44"]
[EventDate "2019.09.06"]
[EventType "swiss"]
[EventRounds "7"]
[EventCountry "ESP"]
[SourceTitle "EXT 2024"]
[Source "ChessBase"]
[SourceDate "2023.10.10"]
[SourceVersion "1"]
[SourceVersionDate "2023.10.10"]
[SourceQuality "1"]

1. c4 e5 2. Nc3 Nc6 3. Nf3 d6 4. d4 Nf6 5. d5 Ne7 6. e4 Ng6 7. h3 Be7 8. Be3 0-0 9. Qd2 Nxe4 10. Nxe4 f5 11. Bd3 fxe4 12. Bxe4 Bf5 13. Bxf5 Rxf5 14. 0-0-0 Nf4 15. Ne1 Qd7 16. Kb1 b6 17. f3 Ng6 18. Nd3 a5 19. Nf2 Raf8 20. Ne4 Nf4 21. Qc2 R5f7 22. Rhf1 Ng6 1/2-1/2

[Event "Torroella de Montgri U2200 2nd"]
[Site "Torroella de Montgri"]
[Date "2019.09.08"]
[Round "5.1"]
[White "Ibanez Tarradellas, Eduardo"]
[Black "Molano Lafuente, Ismael"]
[Result "1/2-1/2"]
[WhiteElo "2180"]
[BlackElo "2040"]
[PlyCount "62"]
[EventDate "2019.09.06"]
[EventType "swiss"]
[EventRounds "7"]
[EventCountry "ESP"]
[SourceTitle "EXT 2024"]
[Source "ChessBase"]
[SourceDate "2023.10.10"]
[SourceVersion "1"]
[SourceVersionDate "2023.10.10"]
[SourceQuality "1"]

1. d4 e6 2. c4 d5 3. Nc3 f5 4. cxd5 exd5 5. Bf4 c6 6. e3 Nf6 7. Bd3 Bd6 8. Nge2 0-0 9. 0-0 Ne4 10. Qc2 Qe7 11. Rae1 Be6 12. Bxd6 Qxd6 13. f3 Nxc3 14. bxc3 Nd7 15. Nf4 Rae8 16. g3 b5 17. e4 fxe4 18. fxe4 dxe4 19. Rxe4 Nf6 20. Re5 Bf7 21. Rfe1 a6 22. Bf5 g6 23. Be6 Bxe6 24. Nxe6 Rf7 25. Qb3 Nd5 26. Ng5 Rxe5 27. Rxe5 Re7 28. Ne4 Qd8 29. Nf6+ Kg7 30. Rxe7+ Qxe7 31. Nxd5 Qe1+ 1/2-1/2